[Event "Madrid San Viator op-B 26th"]
[Site "Madrid"]
[Date "2016.05.29"]
[Round "8"]
[White "Chislia, Mihai"]
[Black "Tudela Garcia, Antonio"]
[Result "1/2-1/2"]
[WhiteElo "1683"]
[BlackElo "1616"]
[PlyCount "103"]
[EventDate "2016.04.03"]
[EventType "swiss"]
[EventRounds "9"]
[EventCountry "ESP"]
[SourceTitle "EXT 2017"]
[Source "ChessBase"]
[SourceDate "2016.10.25"]
[SourceVersion "1"]
[SourceVersionDate "2016.10.25"]
[SourceQuality "1"]

1. e4 e5 2. Nf3 Nc6 3. d4 exd4 4. Bc4 Nf6 5. 0-0 d6 6. Nxd4 Na5 7. Bd3 Be7 8. Nc3 Nc6 9. Nf5 Bxf5 10. exf5 Ne5 11. Be2 Qd7 12. f4 Nc6 13. g4 Ng8 14. Bf3 0-0-0 15. Be3 Bf6 16. Bf2 h6 17. Nd5 Nce7 18. c4 Kb8 19. Rb1 Nxd5 20. cxd5 Ne7 21. b4 g6 22. fxg6 Nxg6 23. Bg3 Bh4 24. b5 Rde8 25. Qd4 Bxg3 26. hxg3 h5 27. gxh5 Qh3 28. Qf2 Nxf4 29. gxf4 Reg8+ 30. Bg2 Qxh5 31. Qf3 Qh2+ 32. Kf2 Qh4+ 33. Ke2 Qf6 34. Rb4 Qg6 35. Re4 Qxg2+ 36. Qxg2 Rxg2+ 37. Kf3 Rxa2 38. Rfe1 Ra3+ 39. Kg4 b6 40. Re8+ Rxe8 41. Rxe8+ Kb7 42. Re7 Ra5 43. Rxf7 Rxb5 44. f5 Rxd5 45. f6 Rd1 46. Re7 Rf1 47. Kg5 a5 48. Re4 b5 49. Rf4 Rg1+ 50. Rg4 Rf1 51. Rf4 Rg1+ 52. Rg4 1/2-1/2